| 000 | 00565nam a2200205Ii 4500 | ||
|---|---|---|---|
| 003 | JO-AjNU | ||
| 008 | 230606s9999||||xx |||||||||||||| ||und|| | ||
| 017 | _a2010/8128 | ||
| 020 | _a978-99901-06-85-5 | ||
| 040 |
_aJO-AjNU _beng _erda _cJO-AjNU |
||
| 041 | _aeng | ||
| 050 | 1 | 4 | _aK1066.2008 |
| 100 | 3 |
_aBABAN ، HISHAM, _eauthor _95219 |
|
| 245 | 0 | 0 | _aLAW OF BANKING INSTITUTIONS & OPERATIONS |
| 264 | 3 | 1 | _aFirst Edition ، 2008 |
| 300 | _a311p | ||
| 336 |
_atext _btxt _2rdacontent |
||
| 337 |
_aunmediated _bn _2rdamedia |
||
| 338 |
_avolume _bnc _2rdacarrier |
||
| 999 |
_aE2697 _c2695 _d2695 |
||